000 00435nam a2200157 a 4500
001 000044000
005 20201002045102.0
008 140513s1974 sp ac 000 0 spa d
020 _a8432056057
040 _aDO-SdBNP
_bspa
_cBNPHU
082 _axxxx
_bxxxx
100 1 _aUmbral, Francisco
_95877
245 1 4 _aLas espaƱolas /
_cFrancisco Umbral.
260 _aBarcelona :
_bPlaneta,
_c1974.
300 _a350 p. :
_bil., retrs. ;
_c25 cm.
999 _c43489
_d43489